| 000 | 00641nam a22001817a 4500 | ||
|---|---|---|---|
| 999 |
_c167026 _d167026 |
||
| 010 | _aENG-126226 | ||
| 020 |
_a978-93-5316-680-9 _c875.00 |
||
| 035 | _aEN-109758 | ||
| 037 | _bDBAD/PUB | ||
| 082 | _a621.38 | ||
| 100 | _aFrenzel,Louis E. | ||
| 245 |
_aPrinciples of Electronic Communication Systems/ _cby Louis E. Frenzel |
||
| 260 |
_aTamilnadu _bMcGraw hill Education (India) Private Limited _c2019 |
||
| 270 |
_a444/1,Sri Ekambar Naicker industrial Estate,Alapakkam,Porur, _bChennai _e600116 |
||
| 300 |
_avii930p. _b26cm(pbk) _cill |
||
| 500 | _ait Includes index and Bibliography | ||
| 942 |
_2ddc _cEN _h621.38 _mFRE |
||